Statistics for Real Madrid Squads 2008-2018

Click here to take the quiz!

General Stats

  • This quiz has been taken 836 times
  • The average score is 193 of 325

Answer Stats

#PlayerCountry% Correct
2015/164Sergio RamosSpain
99%
2009/104Sergio RamosSpain
99%
2013/144Sergio RamosSpain
99%
2018/194Sergio RamosSpain
99%
2017/184Sergio RamosSpain
99%
2012/134Sergio RamosSpain
99%
2016/174Sergio RamosSpain
99%
2008/094Sergio RamosSpain
99%
2010/114Sergio RamosSpain
99%
2014/154Sergio RamosSpain
99%
2011/124Sergio RamosSpain
99%
2017/187Cristiano RonaldoPortugal
98%
2010/117Cristiano RonaldoPortugal
98%
2016/177Cristiano RonaldoPortugal
98%
2011/127Cristiano RonaldoPortugal
98%
2015/167Cristiano RonaldoPortugal
98%
2012/137Cristiano RonaldoPortugal
98%
2014/157Cristiano RonaldoPortugal
98%
2013/147Cristiano RonaldoPortugal
98%
2009/109Cristiano RonaldoPortugal
98%
2014/1513Keylor NavasCosta Rica
98%
2015/161Keylor NavasCosta Rica
98%
2017/181Keylor NavasCosta Rica
98%
2016/171Keylor NavasCosta Rica
98%
2018/191Keylor NavasCosta Rica
98%
2015/1619Luka ModricCroatia
98%
2012/1319Luka ModricCroatia
98%
2016/1719Luka ModricCroatia
98%
2014/1519Luka ModricCroatia
98%
2017/1810Luka ModricCroatia
98%
2013/1419Luka ModricCroatia
98%
2018/1910Luka ModricCroatia
98%
2009/1011Karim BenzemaFrance
97%
2012/139Karim BenzemaFrance
97%
2011/129Karim BenzemaFrance
97%
2015/169Karim BenzemaFrance
97%
2013/149Karim BenzemaFrance
97%
2014/159Karim BenzemaFrance
97%
2010/119Karim BenzemaFrance
97%
2016/179Karim BenzemaFrance
97%
2018/199Karim BenzemaFrance
97%
2017/189Karim BenzemaFrance
97%
2017/188Toni KroosGermany
97%
2018/198Toni KroosGermany
97%
2016/178Toni KroosGermany
97%
2015/168Toni KroosGermany
97%
2014/158Toni KroosGermany
97%
2015/1611Gareth BaleWales
96%
2016/1711Gareth BaleWales
96%
2017/1811Gareth BaleWales
96%
2014/1511Gareth BaleWales
96%
2013/1411Gareth BaleWales
96%
2018/1911Gareth BaleWales
96%
2017/1813Kiko CasillaSpain
96%
2015/1613Kiko CasillaSpain
96%
2018/1913Kiko CasillaSpain
96%
2016/1713Kiko CasillaSpain
96%
2018/1925Thibaut CourtoisBelgium
96%
2011/1212MarceloBrazil
95%
2014/1512MarceloBrazil
95%
2012/1312MarceloBrazil
95%
2015/1612MarceloBrazil
95%
2018/1912MarceloBrazil
95%
2008/0912MarceloBrazil
95%
2013/1412MarceloBrazil
95%
2010/1112MarceloBrazil
95%
2009/1012MarceloBrazil
95%
2017/1812MarceloBrazil
95%
2016/1712MarceloBrazil
95%
2015/162Raphaël VaraneFrance
95%
2018/195Raphaël VaraneFrance
95%
2013/142Raphaël VaraneFrance
95%
2014/152Raphaël VaraneFrance
95%
2011/1219Raphaël VaraneFrance
95%
2016/175Raphaël VaraneFrance
95%
2017/185Raphaël VaraneFrance
95%
2012/132Raphaël VaraneFrance
95%
2010/113PepePortugal
92%
2011/123PepePortugal
92%
2012/133PepePortugal
92%
2014/153PepePortugal
92%
2009/103PepePortugal
92%
2008/093PepePortugal
92%
2013/143PepePortugal
92%
2015/163PepePortugal
92%
2016/173PepePortugal
92%
2017/1814CasemiroBrazil
91%
2013/1416CasemiroBrazil
91%
2012/1338CasemiroBrazil
91%
2015/1614CasemiroBrazil
91%
2016/1714CasemiroBrazil
91%
2018/1914CasemiroBrazil
91%
2014/151Iker CasillasSpain
91%
2011/121Iker CasillasSpain
91%
2013/141Iker CasillasSpain
91%
2009/101Iker CasillasSpain
91%
2010/111Iker CasillasSpain
91%
2012/131Iker CasillasSpain
91%
2008/091Iker CasillasSpain
91%
2013/1422Ángel Di MariaArgentina
89%
2010/1122Ángel Di MariaArgentina
89%
2011/1222Ángel Di MariaArgentina
89%
2012/1322Ángel Di MariaArgentina
89%
2018/192Daniel CarvajalSpain
89%
2014/1515Daniel CarvajalSpain
89%
2017/182Daniel CarvajalSpain
89%
2016/172Daniel CarvajalSpain
89%
2015/1615Daniel CarvajalSpain
89%
2013/1415Daniel CarvajalSpain
89%
2014/1523IscoSpain
85%
2018/1922IscoSpain
85%
2016/1722IscoSpain
85%
2017/1822IscoSpain
85%
2013/1423IscoSpain
85%
2015/1622IscoSpain
85%
2012/1327Nacho FernándezSpain
85%
2011/1235Nacho FernándezSpain
85%
2018/196Nacho FernándezSpain
85%
2014/1518Nacho FernándezSpain
85%
2016/176Nacho FernándezSpain
85%
2017/186Nacho FernándezSpain
85%
2013/1418Nacho FernándezSpain
85%
2015/166Nacho FernándezSpain
85%
2010/1135Nacho FernándezSpain
85%
2015/1610James RodríguezColombia
82%
2016/1710James RodríguezColombia
82%
2014/1510James RodríguezColombia
82%
2017/1820Marco AsensioSpain
79%
2016/1720Marco AsensioSpain
79%
2018/1920Marco AsensioSpain
79%
2018/197Mariano DíazDominican Republic
78%
2016/1718Mariano DíazDominican Republic
78%
2018/1928Vinícius JúniorBrazil
78%
2018/1915Federico ValverdeUruguay
77%
2011/1210Mesut ÖzilGermany
77%
2012/1310Mesut ÖzilGermany
77%
2010/1123Mesut ÖzilGermany
77%
2010/1124Sami KhediraGermany
75%
2011/126Sami KhediraGermany
75%
2013/146Sami KhediraGermany
75%
2012/136Sami KhediraGermany
75%
2014/156Sami KhediraGermany
75%
2012/135Fábio CoentrãoPortugal
74%
2016/1715Fábio CoentrãoPortugal
74%
2011/1215Fábio CoentrãoPortugal
74%
2014/155Fábio CoentrãoPortugal
74%
2013/145Fábio CoentrãoPortugal
74%
2010/1120Gonzalo HiguaínArgentina
71%
2011/1220Gonzalo HiguaínArgentina
71%
2009/1020Gonzalo HiguaínArgentina
71%
2012/1320Gonzalo HiguaínArgentina
71%
2008/0920Gonzalo HiguaínArgentina
71%
2015/1618Lucas VázquezSpain
71%
2018/1917Lucas VázquezSpain
71%
2017/1817Lucas VázquezSpain
71%
2016/1717Lucas VázquezSpain
71%
2016/1716Mateo KovacicCroatia
70%
2017/1823Mateo KovacicCroatia
70%
2015/1616Mateo KovacicCroatia
70%
2012/1314Xabi AlonsoSpain
65%
2009/1022Xabi AlonsoSpain
65%
2013/1414Xabi AlonsoSpain
65%
2010/1114Xabi AlonsoSpain
65%
2011/1214Xabi AlonsoSpain
65%
2008/0911Arjen RobbenNetherlands
63%
2009/107RaúlSpain
63%
2008/097RaúlSpain
63%
2009/108KakáBrazil
61%
2012/138KakáBrazil
61%
2010/118KakáBrazil
61%
2011/128KakáBrazil
61%
2017/1819Achraf HakimiMorocco
60%
2014/1517Álvaro ArbeloaSpain
60%
2010/1117Álvaro ArbeloaSpain
60%
2013/1417Álvaro ArbeloaSpain
60%
2011/1217Álvaro ArbeloaSpain
60%
2015/1617Álvaro ArbeloaSpain
60%
2009/102Álvaro ArbeloaSpain
60%
2012/1317Álvaro ArbeloaSpain
60%
2010/1129Álvaro MorataSpain
60%
2016/1721Álvaro MorataSpain
60%
2013/1421Álvaro MorataSpain
60%
2011/1226Álvaro MorataSpain
60%
2012/1329Álvaro MorataSpain
60%
2015/1627Martin ÖdegaardNorway
57%
2014/1541Martin ÖdegaardNorway
57%
2017/1815Theo HernándezFrance
56%
2012/1325Diego LópezSpain
55%
2013/1425Diego LópezSpain
55%
2017/1824Dani CeballosSpain
52%
2018/1924Dani CeballosSpain
52%
2010/1110Lassana DiarraFrance
52%
2009/1010Lassana DiarraFrance
52%
2011/1224Lassana DiarraFrance
52%
2008/096Lassana DiarraFrance
52%
2012/1324Lassana DiarraFrance
52%
2009/1028Marcos AlonsoSpain
52%
2010/116Mahamadou DiarraMali
51%
2009/106Mahamadou DiarraMali
51%
2008/0939Mahamadou DiarraMali
51%
2017/183Jesús VallejoSpain
49%
2018/193Jesús VallejoSpain
49%
2010/112Ricardo CarvalhoPortugal
48%
2011/122Ricardo CarvalhoPortugal
48%
2012/1311Ricardo CarvalhoPortugal
48%
2008/0910Wesley SneijderNetherlands
45%
2012/1315Michael EssienGhana
44%
2008/0937Ruud van NistelrooyNetherlands
43%
2009/1017Ruud van NistelrooyNetherlands
43%
2010/113Emmanuel AdebayorTogo
42%
2011/1228JeséSpain
41%
2013/1420JeséSpain
41%
2015/1620JeséSpain
41%
2014/1520JeséSpain
41%
2009/1018Raúl AlbiolSpain
41%
2011/1218Raúl AlbiolSpain
41%
2012/1318Raúl AlbiolSpain
41%
2010/1118Raúl AlbiolSpain
41%
2015/1623DaniloBrazil
40%
2016/1723DaniloBrazil
40%
2014/1514ChicharitoMexico
39%
2009/1014GutiSpain
39%
2008/0914GutiSpain
39%
2008/0925Jerzy DudekPoland
39%
2010/1125Jerzy DudekPoland
39%
2009/1013Jerzy DudekPoland
39%
2017/1818Marcos LlorenteSpain
38%
2014/1536Marcos LlorenteSpain
38%
2015/1628Marcos LlorenteSpain
38%
2018/1918Marcos LlorenteSpain
38%
2018/1919Álvaro OdriozolaSpain
37%
2008/095Fabio CannavaroItaly
37%
2012/1337Diego LlorenteSpain
36%
2014/1524Asier IllarramendiSpain
35%
2013/1424Asier IllarramendiSpain
35%
2008/0923Rafael van der VaartNetherlands
35%
2009/1023Rafael van der VaartNetherlands
35%
2011/1240José RodríguezSpain
33%
2012/1334José RodríguezSpain
33%
2011/1240Fran RodríguezSpain
31%
2011/1213Antonio AdánSpain
30%
2009/1025Antonio AdánSpain
30%
2010/1113Antonio AdánSpain
30%
2012/1313Antonio AdánSpain
30%
2010/115Fernando GagoArgentina
30%
2008/098Fernando GagoArgentina
30%
2009/105Fernando GagoArgentina
30%
2011/125Nuri SahinTurkey
30%
2011/1216Hamit AltintopTurkey
27%
2011/1221José CallejónSpain
27%
2012/1321José CallejónSpain
27%
2018/1923Sergio ReguilónSpain
27%
2014/1543Borja MayoralSpain
24%
2015/1629Borja MayoralSpain
24%
2017/1821Borja MayoralSpain
24%
2009/1015Royston DrentheNetherlands
23%
2008/0915Royston DrentheNetherlands
23%
2009/1024Esteban GraneroSpain
22%
2011/1211Esteban GraneroSpain
22%
2010/1111Esteban GraneroSpain
22%
2012/1311Esteban GraneroSpain
22%
2008/0919Klaas-Jan HuntelaarNetherlands
22%
2008/0916Gabriel HeinzeArgentina
21%
2008/0921Christoph MetzelderGermany
20%
2009/1021Christoph MetzelderGermany
20%
2012/1323Denis CheryshevRussia
20%
2014/1516Lucas SilvaBrazil
18%
2008/092Míchel SalgadoSpain
18%
2010/1119Ezequiel GarayArgentina
17%
2009/1019Ezequiel GarayArgentina
17%
2011/1231Fernando PachecoSpain
16%
2010/1132Fernando PachecoSpain
16%
2014/1525Fernando PachecoSpain
16%
2012/1335Jesús FernándezSpain
16%
2013/1413Jesús FernándezSpain
16%
2011/1235Jesús FernándezSpain
16%
2010/1128Jesús FernándezSpain
16%
2008/099Javier SaviolaArgentina
15%
2010/1130Álex FernándezSpain
14%
2012/1330Álex FernándezSpain
14%
2012/1333FabinhoBrazil
14%
2010/1121Pedro LeónSpain
11%
2010/1116Sergio CanalesSpain
11%
2014/1531Rubén YáñezSpain
10%
2016/1725Rubén YáñezSpain
10%
2015/1631Rubén YáñezSpain
10%
2014/1531Jaime SánchezSpain
9%
2011/1229JoseluSpain
9%
2010/1139JoseluSpain
9%
2008/0922Miguel TorresSpain
9%
2008/0938Rubén de la RedSpain
9%
2008/0924Javi GarcíaSpain
8%
2015/1632Philipp LienhartAustria
8%
2009/1033RodrigoSpain
8%
2014/1527Raúl de TomásSpain
7%
2008/0918Julien FaubertFrance
6%
2014/1526Álvaro MedránSpain
5%
2008/0917Dani ParejoSpain
5%
2009/1036JuanfranSpain
4%
2010/1127JuanfranSpain
4%
2014/1530AbnerBrazil
3%
2014/1529Eero MarkkanenFinland
3%
2008/0913Jordi CodinaSpain
3%
2010/1133Pablo SarabiaSpain
3%
2011/1225Tomás MejíasSpain
3%
2010/1140Tomás MejíasSpain
3%
2015/1642Álex CraninxBelgium
2%
2015/1634Álvaro TejeroSpain
2%
2010/1115David MateosSpain
2%
2014/1528Guillermo VarelaUruguay
2%
2014/1537Javi MuñozSpain
2%
2011/1234Jorge CasadoSpain
2%
2010/1134Jorge CasadoSpain
2%
2014/1535Lucas TorróSpain
2%
2011/1223Pedro MendesPortugal
2%
2009/1034Raúl RuizSpain
2%
2014/1542Derik OsedeSpain
1%
2009/1027Javi AcuñaParaguay
1%
2014/1538Javi NoblejasSpain
1%
2015/1633José Carlos LazoSpain
1%
2010/1126JuankarSpain
1%
2010/1138MandiSpain
1%
2012/1339Omar MascarellSpain
1%
2009/1030Pedro MosqueraSpain
1%
2014/1532Sergio AguzaSpain
1%

Score Distribution

Percentile by Number Answered

Percent of People with Each Score

Your Score History

You have not taken this quiz